000 00388nam a2200145Ia 4500
008 220216s9999 xx 000 0 und d
100 _aZhenhua S
245 0 _aPreervation test of rubber wood with new wood preservative TWP
260 _bScientia Silvae Sinicae
_c1992
300 _a524-531
500 _aAGRIS CD 1993-1994
700 _aShuqing T
700 _aTushou L
942 _cBO
999 _c47708
_d47708